[Event "Sharjah Master 2024"]
[Site "Shsrjah - Abu Dhabi"]
[Date "2024.05.19"]
[Round "?"]
[White "Gholami Orimi, Mahdi"]
[Black "Idani, Pouya"]
[Result "1/2-1/2"]
[WhiteElo "2470"]
[BlackElo "2605"]
[PlyCount "66"]
[EventDate "2024.05.14"]
[EventCountry "UAE"]

1. d4 d6 2. c4 e5 3. Nf3 e4 4. Ng5 f5 5. Nc3 Be7 6. Nh3 Nf6 7. Bg5 Be6 $146 ({RR} 7... O-O 8. e3 c6 9. Be2 h6 10. Bxf6 Bxf6 11. Nf4 Qe8 12. Bh5 Qd7 13. O-O g5 14. Ng6 Rf7 15. f3 exf3 16. Qxf3 Rg7 17. Ne4 Be7 18. g4 f4 19. exf4 d5 20. fxg5 Qe8 21. Nxe7+ Qxe7 22. Nf6+ {Astafurov,A (2263)-Lund,G (2321) chess.com INT 2024 1-0}) ({RR} 7... O-O 8. e3 c6 9. Nf4 Na6 10. Be2 Nc7 11. Qb3 Rb8 12. O-O Bd7 13. f3 exf3 14. Bxf3 Ne4 15. Bxe7 Qxe7 16. Nxe4 fxe4 17. Be2 Ne6 18. Nh5 Qg5 19. Ng3 d5 20. Rxf8+ Rxf8 21. Rf1 Bc8 22. Rxf8+ {Muthaiah,A (2454)-Hristodoulou,P (2376) San Vicente ESP 2024 1-0 (52)}) ({RR} 7... O-O 8. e3 h6 9. Bxf6 Bxf6 10. Qc2 c5 11. dxc5 dxc5 12. Nf4 Nc6 13. Be2 Be5 14. Ng6 Re8 15. Nxe5 Rxe5 16. Rd1 Qg5 17. O-O Be6 18. Nd5 Re8 19. a3 Bf7 20. b4 cxb4 21. axb4 Ne7 22. Qa4 {Fedoseev,V (2683)-Gareev,T (2570) Samarkand UZB 2023 1-0 (52)}) 8. Nf4 Bf7 9. e3 O-O 10. Be2 c5 11. dxc5 dxc5 12. Qxd8 Bxd8 13. Bxf6 Bxf6 14. Nfd5 Bxc3+ 15. Nxc3 Rd8 16. f3 exf3 17. Bxf3 Nc6 18. Bxc6 bxc6 19. O-O g6 20. b3 Rd3 21. Na4 Rxe3 22. Rfe1 Rae8 23. Rxe3 Rxe3 24. Kf2 Re5 25. Rd1 g5 26. Rd7 Bh5 27. Rxa7 Re2+ 28. Kf1 Rxa2 29. Re7 f4 30. Re5 h6 31. h4 Ra1+ 32. Re1 Rxe1+ 33. Kxe1 Kf7 1/2-1/2

[Event "Sharjah Master 2024"]
[Site "Shsrjah - Abu Dhabi"]
[Date "2024.05.19"]
[Round "?"]
[White "Erdogmus, Yagiz Kaan"]
[Black "Banusz, Tamas"]
[Result "1/2-1/2"]
[WhiteElo "2553"]
[BlackElo "2623"]
[PlyCount "65"]
[EventDate "2024.05.14"]
[EventCountry "UAE"]

1. d4 Nf6 2. c4 e6 3. Nc3 Bb4 4. Qc2 c5 5. dxc5 Qa5 6. Bd2 Qxc5 7. e3 d5 8. a3 $146 ({RR} 8. cxd5 Nxd5 9. Rc1 Nc6 10. Nf3 Bxc3 11. Bxc3 Nxc3 12. Qxc3 Qxc3+ 13. Rxc3 a6 14. Be2 Ke7 15. O-O Bd7 16. Rfc1 Rac8 17. a3 f6 18. Nd2 Na5 19. b4 Rxc3 20. Rxc3 Nc6 21. Ne4 Rc8 22. Nc5 Nb8 {Marcolino,A (1925)-Felix,J (1703) Florianopolis BRA 2024 ½-½ (49)}) 8... Bxc3 9. Bxc3 dxc4 10. Bb4 Qc6 11. Qxc4 Qxc4 12. Bxc4 Nc6 13. Bc3 Ne4 14. Rc1 Nxc3 15. Rxc3 Ke7 16. Nf3 Bd7 17. Ke2 Rac8 18. Rhc1 Na5 19. Bd3 Rxc3 20. Rxc3 Rc8 21. Rxc8 Bxc8 22. Ne5 f6 23. b4 fxe5 24. bxa5 h6 25. Be4 b6 26. axb6 axb6 27. Kd3 Kd6 28. Kc4 Bd7 29. Kb4 Be8 30. f3 Bd7 31. a4 Be8 32. Bd3 g5 33. g4 1/2-1/2

[Event "Sharjah Master 2024"]
[Site "Shsrjah - Abu Dhabi"]
[Date "2024.05.19"]
[Round "?"]
[White "Gavrilescu, David"]
[Black "Vakhidov, Jakhongir"]
[Result "1-0"]
[WhiteElo "2538"]
[BlackElo "2599"]
[PlyCount "87"]
[EventDate "2024.05.14"]
[EventCountry "UAE"]

{[%evp 9,87,28,31,32,25,25,47,36,55,35,114,112,106,110,123,124,125,122,133,117,133,123,118,104,108,86,111,123,146,138,403,86,85,73,77,78,79,73,72,70,74,75,107,103,99,99,146,108,105,46,132,98,110,103,116,109,145,142,157,109,102,102,102,102,147,151,277,235,257,260,250,246,476,472,534,517,511,529,685,636]} 1. e4 {Stockfish 16.1} c5 2. Nf3 g6 3. c3 d5 4. e5 Bg4 5. Bb5+ ({RR} 5. d4 Nc6 6. Nbd2 e6 7. h3 Bxf3 8. Nxf3 cxd4 9. cxd4 Bb4+ 10. Bd2 Qb6 11. a3 Bxd2+ 12. Qxd2 Nge7 13. b4 Nf5 14. Rd1 Rc8 15. g4 Nfe7 16. Be2 h6 17. Kf1 g5 18. h4 Kd7 19. hxg5 hxg5) 5... Nc6 6. Bxc6+ bxc6 7. O-O ({RR} 7. d3 Bg7 8. Nbd2 Qb6 (8... Bxe5 $11 {remains equal.} 9. Qa4 Bxf3 10. Qxc6+ Kf8 11. Nxf3 Rc8) 9. h3 Bf5 10. Qe2 Qa6 11. c4 Nh6 12. O-O O-O 13. Nb3 dxc4 14. dxc4 Rad8 $2 (14... Be6 $16) 15. Nxc5 Qb6 16. Be3 Qc7 17. Rfd1 Bc8 18. g4 f5 19. g5 Nf7 20. Bf4 e6 (20... Qb6 $142) 21. b4 Rxd1+) 7... c4 ({RR} 7... Bg7 8. Re1 Nh6 9. d3 O-O ({RR} 9... Nf5 10. Nbd2 $1 Nh4 11. Qa4 Nxf3+ 12. Nxf3 Qd7 13. Ng5 (13. Nd2 $1 $16) 13... Bf5 14. d4 cxd4 15. cxd4 O-O 16. b3 f6 17. Nf3 Be4 18. Nd2 fxe5 19. Nxe4 dxe4 20. dxe5 Bxe5 21. Rb1 Bd4 22. Be3) 10. Nbd2 f6 11. h3 Bh5 12. Qa4 ({Better is} 12. g4 $16) 12... Qc7 (12... g5 $14) 13. g4 Bxg4 14. hxg4 fxe5 15. Nh2 e4 16. Ndf1 $1 exd3 17. Re6 Rac8 18. Bd2 Nf7 19. Rae1 Rfe8 $2 (19... Bf6 $14) 20. c4 d4 (20... Nd8 $142) 21. Qa3 Nd8 22. R6e4) 8. Re1 $146 {White is slightly better.} ({RR} 8. d3 cxd3 9. Qxd3 ({RR} 9. Nbd2) 9... Bxf3 10. Qxf3 Bg7 11. Qe2 Qc7 12. Re1 e6 13. b4 Ne7 14. Nd2 Nc8 15. c4 ({RR} 15. a4) (15. h4 $14) 15... O-O 16. Bb2 a5 17. a3 axb4 18. axb4 Rxa1 19. Rxa1 dxc4 20. Nxc4 Nb6 21. Nxb6 Qxb6 22. Bc3 Qb5 {Gukesh D (2743)-Nakamura,H (2789) Toronto, Canada 2024 [Stockfish 16.1] ½-½ (40)}) ({RR} 8. d3 cxd3 9. Qxd3 Bxf3 10. Qxf3 Bg7 11. Qe2 Qc7 12. Re1 e6 13. b4 Ne7 14. Nd2 Nc8 15. c4 O-O 16. Bb2 a5 17. a3 axb4 18. axb4 Rxa1 19. Rxa1 dxc4 20. Nxc4 Nb6 21. Nxb6 Qxb6 22. Bc3 Qb5 {Gukesh,D (2743)-Nakamura,H (2789) Toronto CAN 2024 ½-½ (40)}) 8... Bg7 9. b3 cxb3 $6 {Inaccuracy. f6 was best.} (9... f6) (9... f6 $14) 10. axb3 $16 Nh6 11. d4 O-O 12. Nbd2 f6 13. h3 Bxf3 14. Nxf3 Nf7 15. exf6 exf6 16. Ba3 Re8 17. Bc5 Rxe1+ 18. Qxe1 Qd7 19. Ra6 Qb7 $4 {[#] Blunder. Bf8 was best.} (19... Bf8 20. Qa1 Nd6 21. Bxd6 Bxd6 22. h4 Qe6 23. Nd2 g5 24. h5 Re8 25. Rxa7) (19... Bf8 $16 {is a better defense.} 20. Qa1 Bh6) 20. Qa1 $4 {Blunder. Rxa7 was best.} (20. Rxa7 $1 Qxa7 21. Bxa7 Rxa7 22. g3 Ra3 23. Qe8+ Bf8 24. Qxc6 Rxb3 25. Qxf6 Rxc3) (20. Rxa7 $1 $18 {[%mdl 512] and the rest is easy.} Qc8 (20... Rxa7 21. Qe8+) 21. Rxa8 Qxa8 22. Qe6) 20... Qxb3 21. Rxa7 Rxa7 22. Qxa7 {White threatens Qa8+ and mate.} h5 23. Qa8+ Kh7 24. Qxc6 Qb1+ 25. Kh2 Qf5 26. Qc7 Kg8 27. Ba3 g5 $6 {Inaccuracy. Bh6 was best.} (27... Bh6 28. Qb8+ Kh7 29. Qb7 Kg8 30. Kg1 Bf4 31. Nh4 Qe4 {[%cal Re4e1]} 32. g3 Qe1+ 33. Kg2) 28. Qe7 {Black must now prevent Qe8+.} Qc8 29. Qe2 $6 {Inaccuracy. Bb4 was best.} (29. Bb4 Nh8 30. Qe2 Ng6 31. Ne1 h4 32. Qf3 Qc6 33. Nc2 $1 {[%cal Rc2e3]} Bf8 34. Ne3 Bd6+) (29. Bb4 $16) 29... Nh6 $6 {Inaccuracy. Bf8 was best.} (29... Bf8 $1 30. Bxf8) (29... Bf8 $1 $14 30. Bxf8 Kxf8) 30. Qd3 Nf5 31. g3 Qe6 32. Nd2 g4 $6 {Inaccuracy. Bf8 was best.} (32... Bf8 33. Bc5 Bd6 34. Kg1 Kg7 35. Kg2 Bc7 36. Qf3 Kg6 37. Nf1 Ba5 38. Qd3) 33. hxg4 hxg4 34. c4 $6 {Inaccuracy. Nb3 was best.} (34. Nb3 Bf8 35. Bxf8 Kxf8 36. Nc5 Qc8 37. Kg1 Ne7 38. Kf1 Kg7 39. Ke1 Ng6) 34... Bh6 35. cxd5 Qxd5 {With the idea ...Bxd2.} 36. Ne4 $1 {[%cal Re4f6]} Kg7 $6 {Inaccuracy. Bg7 was best.} (36... Bg7) 37. Bc5 Kf7 $6 {Inaccuracy. Bg5 was best.} (37... Bg5 {[#]} 38. Nc3 $1) (37... Bg5 $16 38. Nc3 Qd7) 38. Nc3 $6 {Inaccuracy. Qe2 was best.} (38. Qe2 Ng7 39. Nd6+ Kg6 40. Qxg4+ Kh7 41. Ne4 Ne8 42. Nc3 f5 43. Qh5 Qe6) 38... Qe6 $6 {Inaccuracy. Qf3 was best.} (38... Qf3 39. Qxf3 gxf3 40. Kh3 Ke6 41. Kg4 Be3 {[#]} 42. Nb5 $1 Bxf2 43. d5+ $1 Kxd5 44. Bxf2) 39. d5 Qe5 40. Qc4 Nh4 $2 {Mistake. Bd2 was best.} (40... Bd2 41. Nb5) (40... Bf8 $142 41. Bxf8 Kxf8 42. Qxg4 Nd6) 41. d6+ $18 {White is clearly winning.} Kg7 {And now ...Nf3+ would win.} 42. Qxg4+ {[%mdl 64] Double Attack} Bg5 $6 {Inaccuracy. Qg5 was best.} (42... Qg5 43. Qxh4 Qxc5 44. Qg4+ Kf7 45. Qd7+ Kg8 46. Qe8+ Bf8 47. Ne4 Qd4 48. d7) 43. Ne4 {d7 is the strong threat.} Ng6 $6 {Inaccuracy. Kg6 was best.} (43... Kg6 44. d7 Nf3+ 45. Qxf3 Qd5 46. Nxg5 Qxd7 47. Nh3 Qh7 48. Bd4 Qh8 49. Kg2) 44. Nxg5 {Accuracy: White = 81%, Black = 52%.} 1-0

[Event "Sharjah Master 2024"]
[Site "Shsrjah - Abu Dhabi"]
[Date "2024.05.19"]
[Round "?"]
[White "Jumabayev, Rinat"]
[Black "Erdos, Viktor"]
[Result "1/2-1/2"]
[WhiteElo "2595"]
[BlackElo "2546"]
[PlyCount "29"]
[EventDate "2024.05.14"]
[EventCountry "UAE"]

1. c4 e6 2. Nc3 d5 3. d4 Bb4 4. a3 Bxc3+ 5. bxc3 Nf6 6. e3 c6 7. a4 O-O 8. Nf3 ({RR} 8. Bd3 e5 9. dxe5 dxc4 10. Bxc4 Qxd1+ 11. Kxd1 Ng4 12. Ke1 Nxe5 13. Be2 Rd8 14. Nf3 Nd3+ 15. Bxd3 Rxd3 16. Bb2 Be6 17. Ke2 Rd8 18. Nd2 c5 19. c4 Nc6 20. a5 Rd7 21. Bc3 Rad8 22. Rhc1 h6 {Abasov,N (2632)-Caruana,F (2803) Toronto CAN 2024 ½-½ (44)}) 8... b6 9. a5 $146 ({RR} 9. cxd5 cxd5 10. Ba3 Re8 11. Bd3 Ba6 12. Bxa6 Nxa6 13. Qd3 Nb8 14. O-O Nc6 15. c4 dxc4 16. Qxc4 Rc8 ({RR} 16... Na5 17. Qa6 Qc8 18. Qb5 Qb7 19. Rab1 Qd5 20. Bb4 Nc6 21. Bd2 Rac8 22. Rfc1 Qxb5 23. axb5 Ne7 24. Ne5 Rxc1+ 25. Rxc1 Rc8 26. Nc6 Nxc6 27. Rxc6 Ra8 28. f3 h6 29. e4 Rd8 30. Rc4 Ne8 31. Bf4) 17. Qb5 Qd5 18. Rac1 Na5 19. Bb4 Nc4 20. Nd2 Nxd2 21. Bxd2 h6 22. Qxd5 exd5 23. f3 Nd7 {Gholami Orimi,M (2470)-Karthik Venkataraman (2605) Dubai Police Officers Club, A 2024 1-0 (44)}) ({RR} 9. cxd5 cxd5 10. Ba3 Re8 11. Bd3 Ba6 12. Bxa6 Nxa6 13. Qd3 Nb8 14. O-O Nc6 15. c4 dxc4 16. Qxc4 Rc8 17. Qb5 Qd5 18. Rac1 Na5 19. Bb4 Nc4 20. Nd2 Nxd2 21. Bxd2 h6 22. Qxd5 exd5 23. f3 Nd7 {Gholami Orimi,M (2470)-Karthik,V (2606) Dubai UAE 2024 1-0 (44)}) ({RR} 9. Nd2 Ba6 10. Be2 Re8 11. O-O Qc8 12. Bb2 Nbd7 13. Re1 c5 14. Rc1 dxc4 15. Nxc4 Qc7 16. Qb3 Bb7 17. h3 Bd5 18. Qa3 Ne4 19. Bf1 Rac8 20. Red1 Ng5 21. Nd2 c4 22. a5 b5 23. Qb4 a6 {Nenezic,M (2499)-Drygalov,A (2475) chess.com INT 2023 0-1 (53)}) 9... Ba6 10. Nd2 Qc8 11. Qb3 c5 12. Be2 Nc6 13. axb6 axb6 14. Ba3 Qc7 15. Qd1 1/2-1/2

[Event "Sharjah Master 2024"]
[Site "Shsrjah - Abu Dhabi"]
[Date "2024.05.19"]
[Round "?"]
[White "Moroni, Luca Jr"]
[Black "Yilmazyerli, Mert"]
[Result "1/2-1/2"]
[WhiteElo "2580"]
[BlackElo "2522"]
[PlyCount "200"]
[EventDate "2024.05.14"]
[EventCountry "UAE"]

1. c4 Nf6 2. Nc3 e6 3. e4 d5 4. e5 d4 5. exf6 dxc3 6. bxc3 Qxf6 ({RR} 6... c5 7. fxg7 Bxg7 8. Qh5 e5 9. Ne2 O-O 10. g4 Nd7 11. g5 e4 12. Bg2 Re8 13. O-O Ne5 14. Bxe4 h6 15. f3 Qxg5+ 16. Qxg5 hxg5 17. d4 Nxc4 18. dxc5 Re5 19. Rd1 Bf5 20. Bxb7 Rb8 21. Ba6 {Navara,D (2689)-Nisipeanu,L (2600) Solingen GER 2024 ½-½ (88)}) 7. Bd3 Bd7 8. Nf3 $146 ({RR} 8. Be4 Bc6 9. Qe2 Qe5 10. Bxc6+ Nxc6 11. Nf3 Qxe2+ 12. Kxe2 O-O-O 13. d4 Na5 14. Ne5 Re8 15. Nxf7 Rg8 16. Kd3 Bd6 17. c5 Rgf8 18. Nxd6+ cxd6 19. cxd6 Rxf2 20. Bg5 Kd7 21. Rhf1 Ref8 22. Rxf2 Rxf2 {Herman,D (1956)-Palczert,M (2297) chess.com INT 2024 1-0}) 8... Bc6 9. Bc2 Bxf3 10. Qxf3 Qxf3 11. gxf3 Nc6 12. d4 O-O-O 13. Rb1 Na5 14. c5 b6 15. Bd3 Be7 16. Ke2 Bf6 $6 {Inaccuracy. Rd5 was best.} (16... Rd5 17. Be4 Rh5 18. Rb4 Kd7 19. Be3 f5 20. Bd3 g5 21. Bb5+ c6 22. Bd3) 17. Rd1 Rd5 18. Bf4 Rh5 19. Ba6+ Kd7 20. c4 $6 {Inaccuracy. Rb4 was best.} (20. Rb4 Ra8 21. Ra4 Bg5 22. Bg3 Bh4 23. Bb5+ c6 24. Bd3 g6 25. Rb1 Bxg3) 20... Bg5 21. Bg3 Bh4 22. Be5 f6 23. Bf4 Bg5 24. Bg3 Bh4 25. f4 Bxg3 26. hxg3 Ke7 27. Kf3 Rd8 28. Kg2 Rf5 29. d5 exd5 30. cxb6 axb6 31. c5 Nc4 $6 {Inaccuracy. d4 was best.} (31... d4 32. cxb6 cxb6 33. Rxb6 Rc5 34. Bd3 h5 35. Be4 Kf7 36. Rb4 f5 37. Bb1) 32. Rd3 Ra8 $6 {Inaccuracy. Na5 was best.} (32... Na5) 33. Bb5 bxc5 34. Re1+ Kf8 35. Bd7 Rh5 36. Bg4 Rh6 37. Rxd5 Nd6 38. Rxc5 f5 39. Bf3 Ra7 40. Bd5 $2 {Mistake. Rce5 was best.} (40. Rce5) 40... Rf6 41. f3 $6 {Inaccuracy. Rh1 was best.} (41. Rh1 h6 42. Rhc1 Ne8 43. Bb3 g5 44. fxg5 hxg5 45. a4 g4 46. a5 f4) 41... h6 $6 {Inaccuracy. Nc8 was best.} (41... Nc8 42. Bb3 c6 43. Re2 g6 44. a4 Nb6 45. a5 Nd5 46. Rd2 Rd6 47. Kh2) 42. Rc2 g5 43. fxg5 $6 {Inaccuracy. Rb2 was best.} (43. Rb2 c6 44. Bxc6 gxf4 45. gxf4 Rc7 46. Bd5 Nc8 47. Rb8 Kg7 48. Rb7 Rxb7) 43... hxg5 44. Rb2 c5 $4 {Blunder. c6 was best.} (44... c6) 45. Rb8+ Kg7 46. Rg8+ Kh7 47. Rxg5 $2 {Mistake. Rh1+ was best.} (47. Rh1+ Rh6 48. Rh8+ Kxh8 49. Rxh6+ Kg7 50. Rxd6 Ra4 51. Bb3 Ra7 52. Rd5 Rc7) 47... Rh6 48. Re2 $6 {Inaccuracy. a4 was best.} (48. a4) 48... c4 49. Be6 Rf6 50. Bd5 $2 {Mistake. Kf1 was best.} (50. Kf1) 50... Rh6 $2 {Mistake. Ra5 was best.} (50... Ra5) 51. Bg8+ Kh8 52. Be6 Rg7 $2 {Mistake. Ra8 was best.} (52... Ra8) 53. Rxg7 Kxg7 54. Bd5 c3 55. Rc2 $4 {Blunder. Re7+ was best.} (55. Re7+ Kh8 56. Bb3 f4 57. gxf4 Nb5 58. Re8+ Kg7 59. Rc8 Rf6 60. Rc4 Rd6) 55... Nb5 56. Bc4 Rb6 57. Kf2 Na3 58. Rxc3 Nxc4 59. Rxc4 Rb2+ 60. Ke3 Rxa2 61. Kf4 Ra3 62. Rc5 Kg6 63. Rc6+ Kf7 64. Rh6 Rb3 65. Rh5 Ke6 66. Rh8 Kf6 67. Rf8+ Kg6 68. Rd8 Kf6 69. Rd6+ Kf7 70. Rh6 Ra3 71. Rh5 Ke6 72. Rh8 Kf6 73. Rf8+ Kg6 74. Rd8 Kf6 75. Rd4 Rb3 76. Rd5 Rb4+ 77. Ke3 Rb3+ 78. Rd3 Rb6 79. f4 Re6+ 80. Kd4 Re4+ 81. Kc5 Re1 82. Kc6 Re2 83. Kd7 Re1 84. Kc6 Re2 85. Kc5 Re1 86. Kd4 Re4+ 87. Kc3 Re1 88. Kd2 Ra1 89. Ke2 Ra2+ 90. Rd2 Ra3 91. Kf2 Ra8 92. Kg2 Kg7 93. Rd6 Rb8 94. Kh3 Rh8+ 95. Kg2 Ra8 96. Rb6 Rc8 97. Rb5 Kg6 98. Kh3 Rh8+ 99. Kg2 Ra8 100. Kh3 Rh8+ 1/2-1/2

[Event "Sharjah Master 2024"]
[Site "Shsrjah - Abu Dhabi"]
[Date "2024.05.19"]
[Round "?"]
[White "Peralta, Fernando"]
[Black "Sivuk, Vitaly"]
[Result "0-1"]
[WhiteElo "2573"]
[BlackElo "2541"]
[PlyCount "70"]
[EventDate "2024.05.14"]
[EventCountry "UAE"]

{[%evp 12,70,19,10,39,30,27,30,39,10,40,27,58,44,97,97,102,102,142,146,165,165,161,169,195,189,213,207,224,229,258,254,236,150,169,166,188,132,199,193,183,126,221,95,95,-8,119,103,121,-216,-197,-185,-192,-335,-329,-318,-335,-331,-315,-371,-394]} 1. d4 Nf6 2. c4 e6 3. Nc3 d5 4. cxd5 exd5 5. Bg5 Be7 6. e3 h6 7. Bh4 Bg4 8. Nf3 (8. Qc2 {keeps more tension.} O-O 9. h3 Be6 10. Rd1 Nc6 11. a3) 8... Nbd7 9. Bd3 c6 {White has an edge.} 10. O-O O-O 11. Qc2 Ne8 12. Bg3 $146 ({RR} 12. Bxe7 Qxe7 13. Nd2 Nd6 14. h3 Be6 15. f4 Nf6 16. Rae1 Bd7 17. Nf3 Nfe4 18. Ne5 (18. Bxe4 $11 Nxe4 19. Nxe4 Qxe4 20. Qxe4 dxe4 21. Ne5) 18... Rfe8 (18... Bf5 $15) 19. Nxe4 dxe4 20. Be2 Be6 21. g4 f6 22. Ng6 Qf7 23. f5 Bxa2 24. Qc5 Qd5 ({Black should try} 24... Qc7 $17) 25. Ra1 Bc4 26. Bxc4 Nxc4 {Salem,A (2639)-Vetokhin,S (2396) Samarkand UZB 2023 ½-½ (68)}) 12... Bd6 13. Ne5 $1 {[%cal Re5g4]} Bxe5 14. dxe5 Qe7 15. f4 $36 {[%mdl 2048] Keeping Black busy.} f6 {[%cal Rf6e5]} 16. h3 Bh5 {[%cal Rf6e5]} 17. Bh4 Nc5 18. Bf5 Kh8 19. Rae1 a5 20. e4 d4 21. exf6 gxf6 22. e5 dxc3 23. exf6 Qd6 24. Qxc3 ({White should play} 24. Re5 $18) 24... Na4 (24... Bf7 $16) 25. Qe5 $18 {[%mdl 1024] White has strong compensation.} Bf7 26. Bf2 $2 {Mistake. Qe7 was best.} (26. Qe7 Qxe7 27. fxe7 Rg8 28. Bf2 $1 c5 29. b3 Ng7 30. Bd3 c4 31. bxc4 Nb2) (26. Qe7 $18) 26... b6 $2 {Mistake. Bc4 was best.} (26... Bc4) (26... Bc4 $16 {was worth a try.}) 27. b3 $2 {Mistake. Qe7 was best.} (27. Qe7 Nc5 28. Rd1 Qxe7 29. fxe7 Rg8 30. Bd4+ Rg7 31. Bxg7+ Kxg7 32. Rd8 Ra7) (27. Qe7 $18 {and the rest is easy.}) 27... Nc5 $16 28. Qc3 $2 {Mistake. Qe7 was best.} (28. Qe7 Kg8 29. Re3 Rd8 30. Bh4 $1 Kh8 31. Rg3 Qd4+ 32. Kh2 Nd6 33. Bb1 Rfe8) ({Better is} 28. Qe7 $16) 28... Nxf6 $2 {Mistake. Rd8 was best.} (28... Rd8) (28... Rd8 $1 $11) 29. Bd4 Bd5 30. Re6 $4 {Blunder. Be5 was best.} (30. Be5 {30.e3 1.41} Qd8 {[#]} 31. Re3 $1 {[%cal Re3g3]} Ra7 32. Rg3 Rg7 33. Rxg7 Kxg7 34. Qg3+ Kh8 35. Qg6 {[%csl Gf5][%cal Rg6h7]} Qe7) ({Stronger than} 30. Qg3 Rg8 $17) (30. Re3 $16 {keeps the pressure on.}) 30... Nxe6 $19 31. Bxf6+ Kg8 {...Qc5+ is the strong threat.} 32. Qg3+ $6 {Inaccuracy. Kh2 was best.} (32. Kh2 Ng7) (32. Kh2 $142) 32... Ng5 $1 33. Bxg5 hxg5 34. Qxg5+ {[#]} Kf7 $1 35. Re1 {Intending Re7+! and mate.} Rg8 {Accuracy: White = 57%, Black = 55%.} 0-1

[Event "Sharjah Master 2024"]
[Site "Shsrjah - Abu Dhabi"]
[Date "2024.05.19"]
[Round "?"]
[White "Sanal, Vahap"]
[Black "Nikitenko, Mihail"]
[Result "1-0"]
[WhiteElo "2566"]
[BlackElo "2525"]
[PlyCount "123"]
[EventDate "2024.05.14"]
[EventCountry "UAE"]

{[%evp 10,123,-8,-14,-10,-8,25,-12,-11,-29,-29,-46,17,16,58,28,84,84,88,-1,0,3,3,5,31,36,44,39,56,36,96,82,109,57,66,64,46,12,10,14,15,15,15,16,17,19,16,0,0,0,27,33,25,17,31,-1,-4,-4,0,2,0,3,10,10,7,9,8,10,24,8,10,6,10,9,13,20,45,45,45,47,53,18,15,7,17,16,17,17,21,25,50,53,210,211,207,207,249,211,233,233,224,153,202,183,183,163,253,243,536,536,561,569,29949,29957,883,883]} 1. e4 e6 2. d4 d5 3. Nc3 Nf6 4. exd5 exd5 5. Bg5 Be7 6. Bd3 h6 $146 ({RR} 6... Nc6 7. Nf3 Bg4 8. Ne2 Bxf3 9. gxf3 O-O (9... Nh5 $17 10. Be3 Bd6) 10. Qd2 $2 (10. h4 $14) 10... Nb4 $2 (10... Ne4 $1 $17 11. Bxe4 Bxg5) 11. h4 (11. Bf5 $14) 11... Nxd3+ 12. Qxd3 c5 (12... Nh5 $15) 13. O-O-O Qa5 (13... c4 $5 {[%cal Rc4d3]} 14. Qf5 Qc8 15. Qxc8 Rfxc8 $11) 14. Kb1 ({Better is} 14. Nc3 $14) 14... Rac8 (14... c4 $1 $11 15. Qf5 Rfe8) 15. Nf4 $2 (15. dxc5 $1 $16 h6 16. Nd4) 15... c4 $1 16. Qe3 (16. Qf5 $15) 16... Rfe8 17. Rde1 $2 (17. c3 $17) 17... c3 $2 (17... Bb4 $19 {has better winning chances.} 18. c3 Rxe3 19. fxe3 Be7) 18. Bxf6 (18. Qe5 $17 {was necessary.}) 18... Qb5 {[%csl Gc3][%cal Rb5b2]} 19. b3 Bxf6 20. Qd3 (20. Qc1 $142) 20... Qb4 $2 (20... Qxd3 $19 21. Nxd3 Bxd4) 21. Rxe8+ {Shubin,D (2201)-Sena,J (1909) chess.com INT 2024 1-0 (72)} (21. Nxd5 $16 Qd6 22. Rxe8+ Rxe8 23. Nxf6+ Qxf6 24. Qxc3)) 7. Bf4 a6 8. Qd2 Nc6 {The position is equal.} 9. Nge2 Nb4 10. O-O-O Be6 $6 {Inaccuracy. b5 was best.} (10... b5 11. f3 Nd7 12. Ng3 Nxd3+ 13. Qxd3 Nb6 14. Nf5 Bxf5 15. Qxf5 O-O 16. Qg4) (10... b5 $15) 11. f3 $11 b6 12. Be5 c5 (12... O-O $11 {remains equal.}) 13. Nf4 $16 O-O 14. g4 $6 {Inaccuracy. Kb1 was best.} (14. Kb1 Nxd3) ({Much worse is} 14. Nxe6 $6 fxe6 15. Bg6 Nd7 $11) ({White should play} 14. Kb1 $16) 14... Nd7 $1 $11 {[%cal Rd7e5]} 15. Bf5 Nxe5 16. dxe5 d4 $6 {Inaccuracy. Bg5 was best. Threatens to win with ...Bxf5.} (16... Bg5 17. a3 d4 18. Ne4 Qd5 19. Nxd5 Bxd2+ 20. Rxd2 Nxd5 21. c3 Bxf5 22. gxf5) 17. Nxe6 fxe6 18. Bxe6+ Kh8 {Strongly threatening ...Bg5.} 19. Ne4 Rxf3 (19... Nd5 $14) 20. g5 Bxg5 21. Nxg5 Qxg5 22. Qxg5 hxg5 23. h4 g4 $1 24. a3 Re8 $1 {[%cal Re8e6]} 25. Bxg4 Rf4 26. Bd7 Re7 27. e6 Nd5 28. Rdf1 Rxf1+ 29. Rxf1 {[%mdl 4096] Endgame KRB-KRN} Nf6 30. Bc8 a5 31. Re1 g6 32. b4 axb4 33. axb4 Rc7 34. Rf1 Kg7 {[#]} 35. Bd7 $1 {[%mdl 512]} Ra7 {And now ...Ra1+ would win.} (35... Nxd7 36. Rf7+) 36. Kb2 cxb4 37. Rf4 Rc7 38. Rxd4 Kf8 39. Ba4 Ke7 40. Bb3 Rc5 41. Rxb4 b5 42. Rd4 g5 43. hxg5 Rxg5 44. Ka3 Re5 45. Rd2 $6 {Inaccuracy. Kb4 was best.} (45. Kb4 Ne4 $1 46. Rd7+ Ke8 $1 47. Ba2 Ng5 48. Rd6 Ne4 49. Rc6 Ng3 50. Bb3 Nf5) 45... Re4 46. Rf2 {White wants to play Rf5.} Re5 47. Rd2 Re4 48. Rd1 Rf4 49. Kb2 Re4 50. Kc3 b4+ $2 {Mistake. Rh4 was best.} (50... Rh4 51. Ra1 Ne8 52. Ra7+ Kd6 $1 53. Rd7+ Kc5 54. Rd5+ Kc6 55. Re5 Rh7 56. Kd4) (50... Rg4 $14) 51. Kd3 $18 Rh4 52. Ra1 Rh8 $6 {Inaccuracy. Kd6 was best.} (52... Kd6 53. Ra6+ Ke7 54. Ra7+ Kd6 55. Rf7 Rh6 56. Ke2 Rg6 57. Ke1 Ng8 58. Rd7+) 53. Ra7+ (53. Ra6 {53.a7+ 2.41}) 53... Kd6 {[#]} 54. Ra6+ $1 Ke7 55. Rb6 Rd8+ {[#]} 56. Kc4 $1 Nd5 57. Rc6 {Black must now prevent Kc5.} Rd6 (57... Kf6 $142 58. Kc5 Nf4 59. Kxb4 Re8) 58. Rc5 Nf4 $4 {Blunder. Nf6 was best.} (58... Nf6 59. Kb5 Rd8 60. Rc7+ Kd6 61. Rc6+ Ke7 62. Kxb4 Ne4 63. Ka5 Ng3 64. Rc7+) (58... Nf6 $142 59. Kb5 (59. Kxb4 Rd4+ 60. Kb5 Ne8 $18) 59... Rd8 60. Rc7+ (60. Kxb4 Rb8+ 61. Ka5 Kd6 $18) 60... Kd6 61. Rc6+ Ke7 62. Kxb4 Rh8) 59. Rc7+ Kf6 60. Rf7+ Ke5 $6 {Inaccuracy. Kg5 was best.} (60... Kg5 61. e7 Re6 62. Ba4 Re4+ 63. Kc5 Re5+ 64. Kd6 Re6+ (64... Rd5+ $142 65. Kc7 Rc5+ 66. Bc6 Re5) 65. Kd7 Rxe7+ 66. Rxe7) 61. e7 Re6 62. Kc5 {Accuracy: White = 76%, Black = 64%.} 1-0